Ulises Heureaux : (Registro nro. 7210)

Detalles MARC
000 -LEADER
fixed length control field 01558nam a2200433 a 4500
001 - CONTROL NUMBER
control field 000025360
003 - CONTROL NUMBER IDENTIFIER
control field DO-SdBNP
005 - DATE AND TIME OF LATEST TRANSACTION
control field 20151009090634.0
007 - PHYSICAL DESCRIPTION FIXED FIELD--GENERAL INFORMATION
fixed length control field 000025360
008 - FIXED-LENGTH DATA ELEMENTS--GENERAL INFORMATION
fixed length control field 110215s2001 dr a 000 0 spa d
020 ## - INTERNATIONAL STANDARD BOOK NUMBER
Canceled/invalid ISBN 9993483494
040 ## - CATALOGING SOURCE
Original cataloging agency BPMSU
Language of cataloging spa
Transcribing agency BPMSU
092 ## - LOCALLY ASSIGNED DEWEY CALL NUMBER (OCLC)
Classification number 923.17293
Item number H594u, 2001
100 1# - MAIN ENTRY--PERSONAL NAME
Personal name Cassá, Roberto,
Dates associated with a name 1942-
245 10 - TITLE STATEMENT
Title Ulises Heureaux :
Remainder of title el tirano perfecto /
Statement of responsibility, etc. Roberto Cassá ; ilustraciones Ramiro Manzano.
250 ## - EDITION STATEMENT
Edition statement 2a. ed.
260 ## - PUBLICATION, DISTRIBUTION, ETC. (IMPRINT)
Place of publication, distribution, etc. Santo Domingo :
Name of publisher, distributor, etc. Tobogán,
Date of publication, distribution, etc. 2006
Place of manufacture Alfa y Omega
300 ## - PHYSICAL DESCRIPTION
Extent 69 p. :
Other physical details il. ;
Dimensions 21 cm.
490 1# - SERIES STATEMENT
Series statement Biografías dominicanas Tobogán
504 ## - BIBLIOGRAPHY, ETC. NOTE
Bibliography, etc Bibliografía : p. 69.
600 14 - SUBJECT ADDED ENTRY--PERSONAL NAME
Personal name HEUREAUX, ULISES,
Dates associated with a name 1845-1899
651 #4 - SUBJECT ADDED ENTRY--GEOGRAPHIC NAME
Geographic name PRESIDENTES
Geographic subdivision REPÚBLICA DOMINICANA
General subdivision BIOGRAFÍAS
651 #4 - SUBJECT ADDED ENTRY--GEOGRAPHIC NAME
Geographic name REPÚBLICA DOMINICANA
General subdivision HISTORIA
Chronological subdivision 1844-1930
700 1# - ADDED ENTRY--PERSONAL NAME
Personal name Manzano, Ramiro,
Relator term il.
830 #0 - SERIES ADDED ENTRY--UNIFORM TITLE
Uniform title Biografías dominicanas Tobogan
910 ## - USER-OPTION DATA (OCLC)
User-option data Validado. Control de calidad EMS
930 #1 - EQUIVALENCE OR CROSS-REFERENCE-UNIFORM TITLE HEADING [LOCAL, CANADA]
Language of a work BND01
Medium of performance for music LF1
Field link and sequence number 20110215
Date of a work 01
Name of part/section of a work HD
Miscellaneous information 16304
942 ## - ADDED ENTRY ELEMENTS (KOHA)
Source of classification or shelving scheme Dewey Decimal Classification
Koha item type Libros
956 ## - LOCAL ELECTRONIC LOCATION AND ACCESS (OCLC)
Host name YPOLANCO
Access number 10
Compression information 20110215
Logon BND01
Processor of request 1156
956 ## - LOCAL ELECTRONIC LOCATION AND ACCESS (OCLC)
Host name YPOLANCO
Access number 10
Compression information 20110215
Logon BND01
Processor of request 1156
956 ## - LOCAL ELECTRONIC LOCATION AND ACCESS (OCLC)
Host name BTAVAREZ
Access number 10
Compression information 20110215
Logon BND01
Processor of request 1540
956 ## - LOCAL ELECTRONIC LOCATION AND ACCESS (OCLC)
Host name EMARRERO
Access number 40
Compression information 20110330
Logon BND01
Processor of request 1232
956 ## - LOCAL ELECTRONIC LOCATION AND ACCESS (OCLC)
Host name EMARRERO
Access number 40
Compression information 20110330
Logon BND01
Processor of request 1233
956 ## - LOCAL ELECTRONIC LOCATION AND ACCESS (OCLC)
Host name EMARRERO
Access number 40
Compression information 20110330
Logon BND01
Processor of request 1459
956 ## - LOCAL ELECTRONIC LOCATION AND ACCESS (OCLC)
Host name EMARRERO
Access number 40
Compression information 20110330
Logon BND01
Processor of request 1504
956 ## - LOCAL ELECTRONIC LOCATION AND ACCESS (OCLC)
Host name EMARRERO
Access number 40
Compression information 20110330
Logon BND01
Processor of request 1520
956 ## - LOCAL ELECTRONIC LOCATION AND ACCESS (OCLC)
Host name EMARRERO
Access number 40
Compression information 20110330
Logon BND01
Processor of request 1530
956 ## - LOCAL ELECTRONIC LOCATION AND ACCESS (OCLC)
Host name EMARRERO
Access number 40
Compression information 20110705
Logon BND01
Processor of request 1208
Existencias
Withdrawn status Lost status Source of classification or shelving scheme Damaged status Not for loan Collection code Home library Current library Date acquired Total Checkouts Barcode Date last seen Copy number Price effective from Koha item type
    Dewey Decimal Classification       Biblioteca Pública Metropolitana Salomé Ureña Biblioteca Pública Metropolitana Salomé Ureña 01/23/2015   BPMSU15040700 01/23/2015 1 ej. 01/23/2015 Libros
    Dewey Decimal Classification       Biblioteca Pública Metropolitana Salomé Ureña Biblioteca Pública Metropolitana Salomé Ureña 01/23/2015   BPMSU15040701 01/23/2015 2 ej. 01/23/2015 Libros
    Dewey Decimal Classification       Biblioteca Pública Metropolitana Salomé Ureña Biblioteca Pública Metropolitana Salomé Ureña 01/23/2015   BPMSU15040702 01/23/2015 3 ej. 01/23/2015 Libros
    Dewey Decimal Classification       Biblioteca Pública Metropolitana Salomé Ureña Biblioteca Pública Metropolitana Salomé Ureña 01/23/2015   BPMSU15040703 01/23/2015 5 ej. 01/23/2015 Libros
    Dewey Decimal Classification       Biblioteca Pública Metropolitana Salomé Ureña Biblioteca Pública Metropolitana Salomé Ureña 01/23/2015   BPMSU15040704 01/23/2015 4 ej. 01/23/2015 Libros